000 01067nam a2200265Ia 4500
003 OSt
005 20221005111153.0
006 a|||||r|||| 00| 0
007 ta
008 221004b |||||||| |||| 00| 0 hin d
020 _a8170553121 (hbk)
_c200
024 _a104587
037 _b372, 17/02/2011, Vani Prakashan
_cTextual
040 _aCRL
_cCRL
_bhin
041 _2hin
_ahin
082 _aO152,6N27w, N4
100 _aठाकुर, समीक्षा, संपा.
245 0 _aकहना न होगा
_b एक दशक की बातचीत नामवर सिंह के साथ
246 _aKahanā n hogā: ek dashak kī bātachīt nāmavar sianha ke sātha
260 _aनई दिल्ली
_bवाणी प्रकाशन भारत
_c1994
300 _a270पृ0
_ccm.
650 _aहिन्दी साहित्य
942 _hO152,6N27w, N4
_cTEXL
_2cc
999 _c1021032
_d1021032